00684nam a2200229 a 4500001001300000003000900013005001700022008004100039020001100080082001600091100001700107245007600124260004900200300000900249500003500258505001000293650002300303902000800326942000700334952009800341999001500439nice12345678IN_TiNIC20260116013118.0050524s1981 pria grp 000 0 eng  ac107800a181.07bSAD aSadra, Mulla aWisdom of the Throneb an Introduction to the Philosophy of Mulla Sadra aPrincetonbPrinceton University Press c1981 a275p aincludes index and biblioraphy2 aIndex aPhilosophy-Islamic bSRS cBK 00104070aHMIbHMId2007-07-31g1078.00l0o181.07 SADp015211r2007-07-31w2026-01-16yEB c9697d9697